000 00315nam a22001337a 4500
008 170303b xxu||||| |||| 00| 0 eng d
020 _a9780443083068
041 _aeng
080 _a616.073
100 _a6
101 _aSHM
245 _aRADIOLOGY FOR ANESTHESIA AND CRITICAL CARE
_cMURPHY, CH.H
942 _2udc
_cBK
999 _c6710
_d6710